00500nam a2200133Ia 4500008004100000100002300041245011500064245003700179260005300216260001300269300000800282650001500290856006100305170221s9999 xx 000 0 und d aMunusamy Marimuthu aAwareness, Attitude and Probable Area of Difficulties towards the Proposed Goods and Services Tax in Malaysia  cMunusamy Marimuthu, Zainol Bidin bInternational Review of Management and Marketing cMay 2015 a4:2 xMarketing. uhttp://www.econjournals.com/index.php/irmm/issue/view/97